Architects of Oregon : (Record no. 24964)

000 -LEADER
fixed length control field 01360cam a22003134a 4500
001 - CONTROL NUMBER
control field 13008004
003 - CONTROL NUMBER IDENTIFIER
control field OSt
005 - DATE AND TIME OF LATEST TRANSACTION
control field 20170130125605.0
008 - FIXED-LENGTH DATA ELEMENTS--GENERAL INFORMATION
fixed length control field 021120s2002 oruac bd 000 0 eng
010 ## - LIBRARY OF CONGRESS CONTROL NUMBER
LC control number 2002116375
020 ## - INTERNATIONAL STANDARD BOOK NUMBER
International Standard Book Number 0972620028
035 ## - SYSTEM CONTROL NUMBER
System control number (DLC) 2002116375
040 ## - CATALOGING SOURCE
Original cataloging agency DLC
Transcribing agency DLC
Modifying agency DLC
042 ## - AUTHENTICATION CODE
Authentication code pcc
043 ## - GEOGRAPHIC AREA CODE
Geographic area code n-us-or
050 00 - LIBRARY OF CONGRESS CALL NUMBER
Classification number NA730.O7
Item number R578 2002
082 00 - DEWEY DECIMAL CLASSIFICATION NUMBER
Classification number 720/.92/2795
Edition number 22
100 1# - MAIN ENTRY--PERSONAL NAME
Personal name Ritz, Richard E.
245 10 - TITLE STATEMENT
Title Architects of Oregon :
Remainder of title a biographical dictionary of architects deceased - 19th and 20th centuries /
Statement of responsibility, etc. by Richard Ellison Ritz.
260 ## - PUBLICATION, DISTRIBUTION, ETC. (IMPRINT)
Place of publication, distribution, etc. Portland, OR :
Name of publisher, distributor, etc. Lair Hill Pub.,
Date of publication, distribution, etc. c2002 (2003 printing)
300 ## - PHYSICAL DESCRIPTION
Extent 462 p. :
Other physical details ill., ports. ;
Dimensions 23 cm.
504 ## - BIBLIOGRAPHY, ETC. NOTE
Bibliography, etc Includes bibliographical references (p. 455-460).
650 #0 - SUBJECT ADDED ENTRY--TOPICAL TERM
Topical term or geographic name as entry element Architects
Geographic subdivision Oregon
Form subdivision Biography
-- Dictionaries.
650 #0 - SUBJECT ADDED ENTRY--TOPICAL TERM
Topical term or geographic name as entry element Architecture
Geographic subdivision Oregon
General subdivision History
Chronological subdivision 19th century
Form subdivision Dictionaries.
650 #0 - SUBJECT ADDED ENTRY--TOPICAL TERM
Topical term or geographic name as entry element Architecture
Geographic subdivision Oregon
General subdivision History
Chronological subdivision 20th century
Form subdivision Dictionaries.
856 41 - ELECTRONIC LOCATION AND ACCESS
Materials specified Table of contents
Uniform Resource Identifier <a href="http://www.loc.gov/catdir/toc/fy041/2002116375.html">http://www.loc.gov/catdir/toc/fy041/2002116375.html</a>
906 ## - LOCAL DATA ELEMENT F, LDF (RLIN)
a 7
b cbc
c orignew
d 2
e epcn
f 20
g y-gencatlg
942 ## - ADDED ENTRY ELEMENTS (KOHA)
Source of classification or shelving scheme
Koha item type Hard Covered Materials
Classification part NA 730.07 .R578 2000

No items available.

© Machakos University Library, Along The Highway, Machakos Wote Rd, Machakos, Kenya P.O. Box 136 - 90100 Machakos - Kenya

Tel: ( +254 ) 723 805829 OR Fax : 044-20353 OR Email: library@mksu.ac.ke